Common and Uncommon Phobias Quiz Stats

 Plays Quiz not verified by Sporcle

Challenge
Share
Tweet
Embed
Score 0/50 Timer 10:00
0 Plays Today
Phobia Fear % Correct
ZoophobiaFear of animals
88%
PyrophobiaFear of fire
68.7%
AcousticophobiaFear of loud noise
65.1%
OctophobiaFear of the number 8
59%
XenophobiaFear of strangers and foreigners
54.2%
TestophobiaFear of tests
49.4%
HippopotomonstrosesquipedaliophobiaFear of long words
48.2%
DecidophobiaFear of making decisions
47%
SymmetrophobiaFear of symmetry
47%
PhotophobiaFear of light
45.8%
NoctiphobiaFear of the night
43.4%
ChronophobiaFear of time
41%
CoulrophobiaFear of clowns
38.6%
FrigophobiaFear of the cold
37.3%
PanophobiaFear of everything
36.1%
PhobophobiaFear of phobias
34.9%
MelophobiaFear of music
33.7%
EntomophobiaFear of insects
31.3%
MyctophobiaFear of darkness
31.3%
SociophobiaFear of society
26.5%
LeukophobiaFear of the colour white
24.1%
DendrophobiaFear of trees
22.9%
NomatophobiaFear of names
21.7%
GraphophobiaFear of writing
18.1%
VestiphobiaFear of clothing
18.1%
Phobia Fear % Correct
MnemophobiaFear of memories
16.9%
PogonophobiaFear of beards
9.6%
ScolionophobiaFear of school
9.6%
EuphobiaFear of hearing good news
8.4%
GnosiophobiaFear of knowledge
8.4%
BarophobiaFear of gravity
7.2%
GeliophobiaFear of laughter
7.2%
KoinoniphobiaFear of rooms
7.2%
ConsecotaleophobiaFear of chopsticks
6%
RupophobiaFear of dirt
6%
ChiraptophobiaFear of being touched
4.8%
EleutherophobiaFear of freedom
4.8%
HypengyophobiaFear of responsibility
4.8%
LachanophobiaFear of vegetables
4.8%
AulophobiaFear of flutes
4.8%
SyngenesophobiaFear of relatives
4.8%
AtelophobiaFear of imperfection
3.6%
CathisophobiaFear of sitting
3.6%
OphthalmophobiaFear of being stared at
3.6%
AnablephobiaFear of looking up
3.6%
EphebiphobiaFear of teenagers
3.6%
DromophobiaFear of crossing streets
2.4%
PhronemophobiaFear of thinking
2.4%
HomichlophobiaFear of fog
2.4%
AllodoxaphobiaFear of opinions
1.2%

You're not logged in!

Compare scores with friends on all Sporcle quizzes.
Join for Free
OR
Log In

You Might Also Like...

Show Comments

Extras

Created May 16, 2010SourceReportNominate
Tags:common, fear, phobia, uncommon

Top Quizzes Today


Score Distribution

Your Account Isn't Verified!

In order to create a playlist on Sporcle, you need to verify the email address you used during registration. Go to your Sporcle Settings to finish the process.

Report this User

Report this user for behavior that violates our Community Guidelines.

Details: